| 000 | 00595 a2200229 4500 | ||
|---|---|---|---|
| 003 | Nust | ||
| 005 | 20170207165831.0 | ||
| 010 | _a 2011501988 | ||
| 020 | _a9781449310042 (pbk.) | ||
| 040 | _cNust | ||
| 082 | 0 | 0 | _a363.25968 |
| 100 | 1 | _aCarr, Jeffrey. | |
| 245 | 1 | 0 |
_aInside cyber warfare (E-BOOK) _cJeffrey Carr. |
| 250 | _a2nd ed. | ||
| 260 |
_aBeijing ; _aSebastopol, CA : _bO'Reilly, _cc2012. |
||
| 300 |
_axviii, 294 p. : _bill., maps ; _c24 cm. |
||
| 650 | 0 | _aComputer crimes. | |
| 650 | 0 | _aCyberterrorism. | |
| 650 | 0 | _aInformation warfare. | |
| 650 | 0 | _aTerrorism. | |
| 651 | _aE-Book | ||
| 942 |
_2ddc _cBK |
||
| 999 |
_c213310 _d213310 |
||